Documentos de congresos Guaymíes sobre los proyectos de Cerro Colorado y de las hidroeléctricas "Teribe" y "Changuinola"
Guardado en:
| Institution som forfatter: | |
|---|---|
| Format: | Texto |
| Udgivet: |
Panamá
|
| Tags: |
Tilføj Tag
Ingen Tags, Vær først til at tagge denne postø!
|
MARC
| LEADER | 00000 a a2200000 04500 | ||
|---|---|---|---|
| 001 | 20357 | ||
| 003 | |||
| 040 | |||
| 090 | |a 084800 | ||
| 110 | |a Comisión Guaymí de Estudio y Análisis de Proyectos de Desarrollo | ||
| 245 | |a Documentos de congresos Guaymíes sobre los proyectos de Cerro Colorado y de las hidroeléctricas "Teribe" y "Changuinola" | ||
| 260 | |a Panamá | ||
| 300 | |a 96 p. | ||
| 999 | |c 14034 |d 14034 | ||
